[Event "C.to Italiano Semifinale"]
[Site "Limone Piemonte ITA"]
[Date "2001.06.24"]
[Round "1"]
[White "Vismara, Daniele"]
[Black "Gardon, Ermanno"]
[Result "1-0"]
[WhiteElo "2231"]
[BlackElo "2082"]
[PlyCount "85"]
[EventDate "2001.06.24"]

1. Nf3 Nf6 2. c4 g6 3. Nc3 d5 4. cxd5 Nxd5 5. e4 Nb4 6. d4 c5 7. dxc5 Qxd1+ 8.
Kxd1 Bg7 9. a3 N4a6 10. Be3 O-O 11. Kc2 Bg4 12. b4 Bxf3 13. gxf3 Rc8 14. Rc1 b6
15. Nd5 Kf8 16. Kb3 bxc5 17. b5 Nd7 18. bxa6 Rab8+ 19. Kc2 Rb2+ 20. Kd1 e6 21.
Nc3 Rd8 22. Be2 Rb3 23. Nb1 c4 24. Bxc4 Nb6+ 25. Nd2 Rb2 26. Ke2 Na4 27. Bd3
Nc3+ 28. Rxc3 Bxc3 29. Rb1 Ra2 30. Rb7 Kg7 31. Rxa7 Rxa3 32. Bc4 Kf6 33. Rb7
Ra4 34. e5+ Kxe5 35. Rb5+ Kd6 36. Ne4+ Kc6 37. Rb6+ Kc7 38. Rb7+ Kc8 39. Bb6
Rg8 40. Rxf7 Kb8 41. Bxe6 Re8 42. Rb7+ Ka8 43. Bd5 1-0

[Event "C.to Italiano Semifinale"]
[Site "Limone Piemonte ITA"]
[Date "2001.06.24"]
[Round "1"]
[White "Vozza, Nicola"]
[Black "Stroppa, Daniel"]
[Result "0-1"]
[WhiteElo "1666"]
[BlackElo "2161"]
[PlyCount "126"]
[EventDate "2001.06.24"]

1. d4 c5 2. e4 cxd4 3. c3 d5 4. exd5 Qxd5 5. cxd4 Nc6 6. Nf3 e6 7. Be2 Nf6 8.
O-O Be7 9. Nc3 Qd8 10. Bf4 O-O 11. Qd2 Nb4 12. Bc4 b6 13. a3 Nbd5 14. Bxd5 Nxd5
15. Nxd5 Qxd5 16. Rac1 Bb7 17. Rc7 Bf6 18. Rfc1 Bd8 19. R7c3 Re8 20. Qe3 f6 21.
Ne1 Re7 22. Qg3 Qxd4 23. Rd3 Qa4 24. Rcd1 Bd5 25. Rd4 Qe8 26. Nd3 a5 27. Bb8 b5
28. Bd6 Bb6 29. Rg4 Rf7 30. Nf4 Be4 31. Nh5 Bg6 32. Nf4 Bf5 33. Rh4 Rd8 34. Ne2
Rfd7 35. Nc3 Bc5 36. Nxb5 Qf8 37. Rhd4 Bxd6 38. Rxd6 Rxd6 39. Rxd6 Rc8 40. Rd1
Qc5 41. Qc3 Qxc3 42. Nxc3 Rb8 43. Rd2 e5 44. f3 Be6 45. Kf2 g5 46. Ne4 Kg7 47.
Nc5 Bf7 48. Ne4 h6 49. Ke3 f5 50. Nc3 h5 51. Kf2 Kf6 52. h3 Bc4 53. Kg1 h4 54.
Kf2 Ke6 55. Kg1 Rb6 56. Na4 Rc6 57. Kf2 Bb3 58. Nc3 Rd6 59. Rxd6+ Kxd6 60. Ke3
Kc5 61. Ne2 Bd5 62. g4 hxg3 63. Nc3 Bc4 0-1

[Event "C.to Italiano Semifinale"]
[Site "Limone Piemonte ITA"]
[Date "2001.06.25"]
[Round "2"]
[White "Artizzu, Giulio"]
[Black "Vismara, Daniele"]
[Result "0-1"]
[WhiteElo "2098"]
[BlackElo "2231"]
[PlyCount "54"]
[EventDate "2001.06.24"]

1. e4 c5 2. Nf3 d6 3. Bb5+ Nd7 4. d4 Ngf6 5. Nc3 a6 6. Bxd7+ Nxd7 7. dxc5 Nxc5
8. e5 e6 9. O-O Qc7 10. Re1 d5 11. Nd4 b5 12. a3 Bb7 13. Bf4 Be7 14. Qg4 g5 15.
b4 Ne4 16. Nxe4 dxe4 17. Qh5 gxf4 18. Nxe6 Qb6 19. Ng7+ Kf8 20. e6 fxe6 21. Qh6
Kf7 22. Nh5 Raf8 23. Qxf4+ Ke8 24. Qb8+ Bd8 25. Rad1 Rf7 26. Qe5 Rg8 27. Rd6
Qxf2+ 0-1

[Event "C.to Italiano Semifinale"]
[Site "Limone Piemonte ITA"]
[Date "2001.06.25"]
[Round "2"]
[White "Astengo, Corrado"]
[Black "Casarosa, Michele"]
[Result "1-0"]
[WhiteElo "2115"]
[BlackElo "1732"]
[PlyCount "87"]
[EventDate "2001.06.24"]

1. e4 c5 2. Nf3 Nc6 3. d4 cxd4 4. Nxd4 Nf6 5. Nc3 e5 6. Ndb5 d6 7. Bg5 a6 8.
Na3 b5 9. Bxf6 gxf6 10. Nd5 f5 11. Bd3 Be6 12. Qh5 f4 13. c3 Bxd5 14. exd5 Ne7
15. O-O Ng6 16. Nc2 Qh4 17. Qxh4 Nxh4 18. a4 Rg8 19. g3 Nf3+ 20. Kh1 Nd2 21.
Rfd1 Nb3 22. Ra3 bxa4 23. Rxa4 Nc5 24. Bb5+ Ke7 25. Ra2 Bh6 26. Bf1 a5 27. Re1
fxg3 28. hxg3 Kd7 29. Bh3+ Kc7 30. Na3 Kd8 31. Nc4 Ke7 32. Nxa5 Nd3 33. Rea1
Kf6 34. Kg1 Bc1 35. b4 Bb2 36. Rd1 e4 37. Rxd3 exd3 38. Rxb2 Rg5 39. Rd2 Re8
40. Rxd3 Re1+ 41. Kg2 h5 42. c4 Ra1 43. Nb7 Ke7 44. Re3+ 1-0

[Event "C.to Italiano Semifinale"]
[Site "Limone Piemonte ITA"]
[Date "2001.06.25"]
[Round "2"]
[White "Ausmins, Elmar"]
[Black "Buchicchio, Giampaolo"]
[Result "0-1"]
[WhiteElo "2365"]
[BlackElo "2191"]
[PlyCount "94"]
[EventDate "2001.06.24"]

1. d4 d5 2. Nf3 Nf6 3. c4 c6 4. Nc3 a6 5. e3 b5 6. c5 Nbd7 7. Be2 Qc7 8. O-O e5
9. e4 Nxe4 10. Nxe4 dxe4 11. Ng5 Nf6 12. dxe5 Qxe5 13. Qd8+ Kxd8 14. Nxf7+ Kc7
15. Nxe5 Bxc5 16. Bf4 Bd6 17. Rac1 Bb7 18. Rfd1 Rhe8 19. Rxd6 Kxd6 20. Nxc6+
Ke6 21. Nd4+ Kf7 22. Nf5 Kg6 23. g4 Rac8 24. Re1 Rc2 25. h4 h5 26. Nd6 Re7 27.
gxh5+ Nxh5 28. Bg5 Rd7 29. Bd1 Rxb2 30. Nxb7 Rxb7 31. Bb3 Nf6 32. Be3 Re7 33.
Rc1 a5 34. Rc5 a4 35. Be6 Rb7 36. Kg2 b4 37. h5+ Kh7 38. Bf5+ Kg8 39. h6 b3 40.
axb3 axb3 41. Bg6 Rc2 42. Ra5 gxh6 43. Bd4 b2 44. Bxf6 b1=Q 45. Bd4 Rc1 46. Ra1
Rg1+ 47. Kh2 Qxa1 0-1

[Event "C.to Italiano Semifinale"]
[Site "Limone Piemonte ITA"]
[Date "2001.06.25"]
[Round "2"]
[White "Barlocco, Carlo"]
[Black "Miatello, Alberto"]
[Result "1-0"]
[WhiteElo "2159"]
[BlackElo "1869"]
[PlyCount "55"]
[EventDate "2001.06.24"]

1. d4 Nf6 2. Nf3 g6 3. Bf4 Bg7 4. e3 d5 5. c4 O-O 6. Nc3 e6 7. Rc1 c6 8. h3
dxc4 9. Bxc4 Nd5 10. Bh2 Nd7 11. O-O b5 12. Be2 Qb6 13. Ne4 f5 14. Nd6 f4 15.
e4 Nc7 16. Qc2 Nb8 17. Qd2 Bh6 18. Nxc8 Rxc8 19. Bxf4 Bxf4 20. Qxf4 Nd7 21. Qd6
Nf6 22. Bd3 c5 23. Qxc5 Qa6 24. a3 Ncd5 25. Qxb5 Qxb5 26. Bxb5 Nxe4 27. Rxc8+
Rxc8 28. Bd7 1-0

[Event "C.to Italiano Semifinale"]
[Site "Limone Piemonte ITA"]
[Date "2001.06.25"]
[Round "2"]
[White "Camerini, Lorenzo"]
[Black "Rettore, Ludwig"]
[Result "1-0"]
[WhiteElo "1834"]
[BlackElo "2134"]
[PlyCount "81"]
[EventDate "2001.06.24"]

1. e4 e5 2. Nf3 Nc6 3. Bb5 a6 4. Bxc6 dxc6 5. O-O Qd6 6. d4 exd4 7. Nxd4 c5 8.
Ne2 Bd7 9. Bf4 Qxd1 10. Rxd1 O-O-O 11. Nbc3 Nf6 12. Rd2 c4 13. e5 Nh5 14. Bg5
f6 15. exf6 Nxf6 16. Rad1 Bc5 17. Ng3 Bc6 18. Rxd8+ Rxd8 19. Rxd8+ Kxd8 20. Nh5
Bd4 21. Nxg7 Kd7 22. Bxf6 Bxf6 23. Nf5 b5 24. Nd1 a5 25. Nfe3 Kd6 26. a4 Kc5
27. axb5 Bxb5 28. c3 Bd7 29. Kf1 Be6 30. Ke2 Kb5 31. Kd2 Ka4 32. Kc2 Bf7 33. f4
h5 34. g3 Kb5 35. h3 Kc5 36. g4 hxg4 37. hxg4 Bg6+ 38. Kd2 Bf7 39. Nf2 Kb5 40.
Ne4 Be7 41. f5 1-0

[Event "C.to Italiano Semifinale"]
[Site "Limone Piemonte ITA"]
[Date "2001.06.25"]
[Round "2"]
[White "Capece, Adolivio"]
[Black "Martorelli, Antonio"]
[Result "0-1"]
[WhiteElo "2075"]
[BlackElo "2315"]
[PlyCount "132"]
[EventDate "2001.06.24"]

1. c4 c6 2. g3 d5 3. cxd5 cxd5 4. Nf3 Nc6 5. d4 Bg4 6. Bg2 e6 7. O-O h5 8. Ne5
Nxe5 9. dxe5 Ne7 10. Nc3 Nc6 11. h3 Bf5 12. Qa4 Qa5 13. Qxa5 Nxa5 14. e4 dxe4
15. Nxe4 Nc6 16. Bf4 Be7 17. Rfd1 Rd8 18. Rxd8+ Kxd8 19. Ng5 Ke8 20. Nf3 Be4
21. Nd2 Bxg2 22. Kxg2 Nb4 23. Nc4 Kd7 24. Rd1+ Kc7 25. a3 Nd5 26. Rc1 Kb8 27.
Bd2 Rd8 28. Bc3 Rc8 29. Nd6 Bxd6 30. exd6 Nxc3 31. bxc3 Rc6 32. g4 hxg4 33.
hxg4 Rxd6 34. Kg3 Kc7 35. Kf4 Rd2 36. Ke3 Ra2 37. Rh1 Kd6 38. Rh7 Rxa3 39. Kd3
Ke5 40. Rxg7 Kf6 41. Rg8 b5 42. Rb8 a6 43. Rb7 Ra4 44. f3 Kg6 45. Rd7 Ra1 46.
Rb7 Rd1+ 47. Ke3 Rd6 48. Ke4 Rc6 49. Kd3 f6 50. f4 Rc4 51. Rb6 Rxf4 52. Rxa6 e5
53. Rb6 Rxg4 54. Rxb5 Kf5 55. c4 Rg3+ 56. Kd2 Ke4 57. Rb6 f5 58. Rd6 Ra3 59. c5
Ra5 60. c6 Rc5 61. Ke1 f4 62. Kf1 Ke3 63. Kg1 f3 64. Rf6 Rc2 65. Kh1 e4 66. Kg1
Kd4 0-1

[Event "C.to Italiano Semifinale"]
[Site "Limone Piemonte ITA"]
[Date "2001.06.25"]
[Round "2"]
[White "Costantini, Roberto"]
[Black "Stroppa, Daniel"]
[Result "1/2-1/2"]
[WhiteElo "2268"]
[BlackElo "2161"]
[PlyCount "40"]
[EventDate "2001.06.24"]

1. e4 c6 2. d4 d5 3. Nd2 dxe4 4. Nxe4 Nd7 5. Nf3 Ngf6 6. Ng3 e6 7. Bd3 Be7 8.
O-O O-O 9. c4 c5 10. b3 b6 11. Bb2 Bb7 12. Bc2 Re8 13. Qe2 Qc7 14. Rad1 cxd4
15. Nxd4 a6 16. Rfe1 Bb4 17. Rf1 Bf8 18. Bb1 e5 19. Ndf5 g6 20. Ne3 Rad8
1/2-1/2

[Event "C.to Italiano Semifinale"]
[Site "Limone Piemonte ITA"]
[Date "2001.06.25"]
[Round "2"]
[White "Farina, Saverio"]
[Black "Modena, Giorgio"]
[Result "0-1"]
[WhiteElo "2148"]
[BlackElo "1765"]
[PlyCount "180"]
[EventDate "2001.06.24"]

1. d4 c5 2. e3 e6 3. c4 Nf6 4. Nc3 cxd4 5. exd4 d5 6. a3 dxc4 7. Bxc4 Be7 8.
Nf3 a6 9. Ba2 Bd7 10. O-O Bc6 11. Re1 Nd5 12. Ne5 Nd7 13. Qg4 Nxe5 14. dxe5 Kf8
15. Bd2 h5 16. Qh3 g5 17. Nxd5 Bxd5 18. Bxd5 Qxd5 19. Qe3 Rd8 20. Bb4 Bxb4 21.
axb4 Qd2 22. Qc5+ Kg7 23. Qe7 Rd7 24. Qf6+ Kg8 25. Rec1 Kh7 26. h3 Qf4 27. Qxf4
gxf4 28. Rc4 Rhd8 29. Rxf4 Kg6 30. Ra3 Rd3 31. Rf3 Rxf3 32. Rxf3 Rd4 33. b5 a5
34. Rg3+ Kh6 35. Rb3 Re4 36. Ra3 b6 37. Rf3 Rxe5 38. Rxf7 Kg6 39. Rf3 Rxb5 40.
b3 Rf5 41. Rc3 Kf6 42. g3 Rc5 43. Rd3 Rd5 44. Rc3 Ke5 45. g4 hxg4 46. hxg4 Rd4
47. Rg3 Kf6 48. g5+ Kg6 49. Kf1 Re4 50. Kg2 Rf4 51. Kf1 Rf5 52. Ke2 Rxg5 53.
Rc3 Kf6 54. Kd2 Rb5 55. Rh3 Ke7 56. Kc3 Kd6 57. f4 Rf5 58. Rh4 Kd5 59. Rg4 Ke4
60. Rg6 Rc5+ 61. Kd2 Kf5 62. Rh6 Rc6 63. Rh4 Ke4 64. Ke2 Rc2+ 65. Kd1 Rb2 66.
Rh6 Kxf4 67. Rxe6 Rxb3 68. Kc2 Rb4 69. Kc3 Kf5 70. Re8 Re4 71. Rd8 b5 72. Kd3
Rb4 73. Kc3 Rc4+ 74. Kb3 a4+ 75. Ka3 Ke5 76. Rb8 Rc3+ 77. Kb4 Rb3+ 78. Kc5 a3
79. Re8+ Kf6 80. Ra8 Ke6 81. Ra7 b4 82. Kc4 Rb2 83. Ra5 a2 84. Ra6+ Ke5 85.
Ra5+ Ke4 86. Ra8 b3 87. Re8+ Kf5 88. Rf8+ Ke6 89. Re8+ Kf7 90. Ra8 Rb1 0-1

[Event "C.to Italiano Semifinale"]
[Site "Limone Piemonte ITA"]
[Date "2001.06.25"]
[Round "2"]
[White "Gardon, Ermanno"]
[Black "Rossato, Armando"]
[Result "0-1"]
[WhiteElo "2082"]
[BlackElo "2203"]
[PlyCount "94"]
[EventDate "2001.06.24"]

1. e4 e5 2. Nf3 d5 3. Nxe5 Bd6 4. d4 dxe4 5. Nc4 Nf6 6. Be2 Bf5 7. O-O O-O 8.
f4 Qd7 9. Ne3 Nc6 10. g4 Ne7 11. gxf5 Nxf5 12. Nc3 Nxe3 13. Bxe3 Qh3 14. Qd2
Rad8 15. Rf2 Rfe8 16. Bf1 Qh4 17. Be2 c6 18. Qe1 b5 19. Rg2 Qxe1+ 20. Rxe1 b4
21. Nd1 Nd5 22. Rf1 c5 23. c3 Kf8 24. Bc4 Nxe3 25. Nxe3 cxd4 26. cxd4 Bc7 27.
Nd5 Bb8 28. f5 Rd6 29. f6 g6 30. Bb3 a5 31. Rd1 e3 32. Re2 Ba7 33. Kg2 Re4 34.
Rc1 Rd8 35. Rc7 Bxd4 36. Kf3 Re6 37. Nxe3 Rxf6+ 38. Kg2 Re8 39. Rxf7+ Rxf7 40.
Bxf7 Kxf7 41. Kf3 Rxe3+ 42. Rxe3 Bxe3 43. Kxe3 g5 44. Kd4 h5 45. a3 bxa3 46.
bxa3 Kf6 47. Ke4 a4 0-1

[Event "C.to Italiano Semifinale"]
[Site "Limone Piemonte ITA"]
[Date "2001.06.25"]
[Round "2"]
[White "Iotti, Pierluigi"]
[Black "Scalcione, Michelangelo"]
[Result "0-1"]
[WhiteElo "2318"]
[BlackElo "2177"]
[PlyCount "60"]
[EventDate "2001.06.24"]

1. d4 Nf6 2. Nf3 g6 3. c4 Bg7 4. Nc3 O-O 5. e4 d6 6. Be2 e5 7. d5 a5 8. Bg5 h6
9. Bh4 Na6 10. Nd2 Bd7 11. O-O Qe8 12. g4 Nh7 13. f3 Bf6 14. Bf2 Qe7 15. Bd3
Bh4 16. Be3 Ng5 17. Kg2 h5 18. Qe2 hxg4 19. fxg4 Kg7 20. h3 Rh8 21. Nf3 Rh7 22.
Ng1 Rah8 23. Rad1 Qd8 24. Rc1 Qc8 25. Qd2 Nxh3 26. Nxh3 Bxg4 27. Rh1 Bxh3+ 28.
Kh2 Qg4 29. Rhg1 Bg3+ 30. Rxg3 Bf1+ 0-1

[Event "C.to Italiano Semifinale"]
[Site "Limone Piemonte ITA"]
[Date "2001.06.25"]
[Round "2"]
[White "Laco, Giuseppe"]
[Black "Vezzosi, Paolo"]
[Result "1-0"]
[WhiteElo "2186"]
[BlackElo "2423"]
[PlyCount "51"]
[EventDate "2001.06.24"]

1. c4 Nf6 2. Nc3 c6 3. e4 e5 4. d4 Bb4 5. f3 Qa5 6. Nge2 d6 7. Be3 O-O 8. a3
Bxc3+ 9. Nxc3 Re8 10. b4 Qc7 11. d5 cxd5 12. Nb5 Qe7 13. cxd5 a5 14. Qd2 Na6
15. Nc3 axb4 16. axb4 Bd7 17. Rb1 Rec8 18. Bd3 Be8 19. g4 Nd7 20. Ne2 Qd8 21.
Ng3 Nb6 22. Nf5 f6 23. Bxb6 Qxb6 24. Ne7+ Kf7 25. Nxc8 Rxc8 26. Qf2 1-0

[Event "C.to Italiano Semifinale"]
[Site "Limone Piemonte ITA"]
[Date "2001.06.25"]
[Round "2"]
[White "Manzardo, Bruno"]
[Black "Basciu, Simone"]
[Result "1/2-1/2"]
[WhiteElo "2005"]
[BlackElo "2157"]
[PlyCount "65"]
[EventDate "2001.06.24"]

1. Nf3 d5 2. d4 Nf6 3. c4 e6 4. Nc3 c5 5. cxd5 Nxd5 6. e4 Nxc3 7. bxc3 cxd4 8.
Bb5+ Bd7 9. Bxd7+ Nxd7 10. cxd4 Bb4+ 11. Bd2 Bxd2+ 12. Qxd2 O-O 13. O-O Nf6 14.
Rfe1 Qd7 15. Rac1 Rfc8 16. e5 Nd5 17. Ng5 Rxc1 18. Rxc1 Rc8 19. h3 Rxc1+ 20.
Qxc1 Qc7 21. Qb1 g6 22. Ne4 b6 23. g3 Qc4 24. Qb2 Qb4 25. Qc1 Qxd4 26. Qc8+ Kg7
27. Nd6 Qxe5 28. Qd7 h5 29. Qxf7+ Kh6 30. Qf8+ Qg7 31. Nf7+ Kh7 32. Ng5+ Kh6
33. Nf7+ 1/2-1/2

[Event "C.to Italiano Semifinale"]
[Site "Limone Piemonte ITA"]
[Date "2001.06.25"]
[Round "2"]
[White "Parrella, Alfredo"]
[Black "Tatai, Stefano"]
[Result "1/2-1/2"]
[WhiteElo "2174"]
[BlackElo "2352"]
[PlyCount "91"]
[EventDate "2001.06.24"]

1. e4 c5 2. Nf3 d6 3. d4 cxd4 4. Nxd4 Nf6 5. Nc3 a6 6. Be2 e5 7. Nb3 Be7 8. Be3
O-O 9. O-O Be6 10. Qd2 Nbd7 11. a4 Qc7 12. Rfd1 b6 13. Qe1 Rfc8 14. Qf1 Bc4 15.
f3 h6 16. Nc1 Bxe2 17. Qxe2 Qc4 18. Qxc4 Rxc4 19. Nd3 Rac8 20. Ne1 Rb8 21. Nd5
Nxd5 22. Rxd5 Nf6 23. Rd3 b5 24. axb5 axb5 25. Ra7 Bf8 26. b3 Rc6 27. Kf1 Ne8
28. Ke2 Nc7 29. Rd1 b4 30. Ra5 Nb5 31. Kd2 Nc3 32. Rda1 d5 33. exd5 Rd8 34. Nd3
Nxd5 35. R1a2 e4 36. fxe4 Nc3 37. Ra1 Nxe4+ 38. Kd1 Rdc8 39. Ne1 Re8 40. Ra8
Nc3+ 41. Kd2 Nb1+ 42. Ke2 Nc3+ 43. Kd2 Rce6 44. Rxe8 Rxe8 45. Nd3 Ne4+ 46. Kd1
1/2-1/2

[Event "C.to Italiano Semifinale"]
[Site "Limone Piemonte ITA"]
[Date "2001.06.25"]
[Round "2"]
[White "Petruccioli, Antonio"]
[Black "Genocchio, Daniele"]
[Result "0-1"]
[WhiteElo "2097"]
[BlackElo "2278"]
[PlyCount "114"]
[EventDate "2001.06.24"]

1. c4 Nc6 2. d4 e5 3. d5 Bb4+ 4. Bd2 Bxd2+ 5. Qxd2 Nce7 6. Qg5 Ng6 7. Qxd8+
Kxd8 8. e4 c5 9. Nc3 d6 10. Nb5 Ke7 11. g3 Bd7 12. Nc3 Nh6 13. h4 f5 14. h5 Nf8
15. f4 exf4 16. gxf4 fxe4 17. Nxe4 Bf5 18. Ng3 Re8 19. Kd2 Nd7 20. Bh3 Rhf8 21.
Re1+ Kd8 22. Rxe8+ Kxe8 23. Nxf5 Nxf5 24. Nf3 Ne7 25. Ke3 b5 26. Rg1 Nf6 27. b3
Nxh5 28. Rg4 Nf5+ 29. Kf2 bxc4 30. bxc4 g6 31. Ng5 Nh6 32. Rh4 Rxf4+ 33. Rxf4
Nxf4 34. Bf1 Ke7 35. Nxh7 Nf7 36. Kg3 Nh5+ 37. Kh4 Nf6 38. Ng5 Nxg5 39. Kxg5
Kf7 40. Bd3 Nh7+ 41. Kh6 Nf8 42. Kg5 Kg7 43. Be2 Nh7+ 44. Kf4 Kf6 45. Bg4 Ng5
46. Bd7 Nf7 47. Bg4 a5 48. Ke3 Ne5 49. Be2 Kf5 50. Kd2 Ke4 51. Kc3 g5 52. Kb3
Ke3 53. Bd1 g4 54. Bxg4 Nxg4 55. Ka4 Kd4 56. Kxa5 Kxc4 57. a4 Ne5 0-1

[Event "C.to Italiano Semifinale"]
[Site "Limone Piemonte ITA"]
[Date "2001.06.25"]
[Round "2"]
[White "Piscopo, Pierluigi"]
[Black "Astengo, Marcello"]
[Result "1-0"]
[WhiteElo "2212"]
[BlackElo "2024"]
[PlyCount "59"]
[EventDate "2001.06.24"]

1. e4 e6 2. d4 d5 3. Nc3 Bb4 4. e5 Bf8 5. Nf3 c5 6. dxc5 Bxc5 7. Bd3 Nc6 8. O-O
f6 9. Qe2 fxe5 10. Nxe5 Nxe5 11. Qxe5 Nf6 12. Bb5+ Kf7 13. Bg5 Rf8 14. Rad1 Qb6
15. Bxf6 gxf6 16. Qh5+ Kg8 17. Rd3 Bd6 18. Nxd5 Qc5 19. Rg3+ Bxg3 20. Nxf6+
Rxf6 21. Qxc5 Bf4 22. Rd1 Rf8 23. g3 Bh6 24. Qe7 Bg7 25. Rd8 b6 26. Rxf8+ Bxf8
27. Qc7 Bc5 28. Bc6 Bb7 29. Qxb7 Rf8 30. Bf3 1-0

[Event "C.to Italiano Semifinale"]
[Site "Limone Piemonte ITA"]
[Date "2001.06.25"]
[Round "2"]
[White "Sbarra, Marco"]
[Black "Brignone, Roberto"]
[Result "1-0"]
[WhiteElo "2303"]
[BlackElo "2171"]
[PlyCount "61"]
[EventDate "2001.06.24"]

1. d4 d5 2. c4 dxc4 3. Nf3 Nf6 4. e3 e6 5. Bxc4 c5 6. O-O a6 7. e4 b5 8. Bd3
Bb7 9. e5 Nfd7 10. Re1 Be7 11. Nbd2 c4 12. Bb1 Nb6 13. Ne4 Bxe4 14. Bxe4 Nd5
15. a4 Nc6 16. h4 O-O 17. Ng5 Bxg5 18. Bxg5 Qd7 19. Qh5 g6 20. Qh6 f5 21. exf6
Nxf6 22. Bxf6 Qf7 23. Bxc6 Qxf6 24. Qe3 Rad8 25. Qxe6+ Qxe6 26. Rxe6 Rxd4 27.
axb5 axb5 28. Bxb5 Kg7 29. Ra7+ Rf7 30. Rxf7+ Kxf7 31. Rc6 1-0

[Event "C.to Italiano Semifinale"]
[Site "Limone Piemonte ITA"]
[Date "2001.06.25"]
[Round "2"]
[White "Scuderi, David"]
[Black "Scarenzio, Renato"]
[Result "0-1"]
[WhiteElo "1702"]
[BlackElo "2107"]
[PlyCount "50"]
[EventDate "2001.06.24"]

1. e4 c6 2. d4 d5 3. exd5 cxd5 4. c4 Nf6 5. Nc3 e6 6. c5 b6 7. Bb5+ Bd7 8.
Bxd7+ Qxd7 9. b4 bxc5 10. bxc5 Nc6 11. Nf3 Rb8 12. Bf4 Rb4 13. Bg3 Ne4 14. Qd3
Rb2 15. Nxe4 Nb4 16. Qc3 Qb5 17. Ned2 Nc2+ 18. Kd1 Nxa1 19. Ne5 Rxa2 20. Nd3
Qa4+ 21. Ke2 Nb3 22. Rd1 Nxd4+ 23. Ke1 Rc2 24. Qa1 Qxa1 25. Rxa1 Rxd2 0-1

[Event "C.to Italiano Semifinale"]
[Site "Limone Piemonte ITA"]
[Date "2001.06.25"]
[Round "2"]
[White "Ubezio, Marco"]
[Black "Opacic, Alexandar"]
[Result "0-1"]
[WhiteElo "2193"]
[BlackElo "1921"]
[PlyCount "84"]
[EventDate "2001.06.24"]

1. d4 d5 2. Bg5 c6 3. Nf3 Qb6 4. b3 Bf5 5. e3 Nf6 6. Bxf6 gxf6 7. Bd3 Bxd3 8.
Qxd3 e6 9. O-O Nd7 10. c4 Bg7 11. Nc3 f5 12. b4 a6 13. a4 O-O 14. a5 Qc7 15.
cxd5 cxd5 16. Na4 Rfc8 17. Nc5 Bf8 18. h3 b6 19. axb6 Nxb6 20. g4 Bg7 21. gxf5
e5 22. dxe5 Bxe5 23. Rxa6 Rxa6 24. Nxa6 Qd6 25. Nc5 Bg7 26. Kh1 Qh6 27. Kg2 Qc6
28. Nd4 Qf6 29. Ra1 Nc4 30. Qe2 Kh8 31. Ra6 Qe7 32. Qf3 Bxd4 33. exd4 Rg8+ 34.
Kh2 Qe1 35. h4 Qg1+ 36. Kh3 Nd2 37. Qg3 Rxg3+ 38. fxg3 Qh1+ 39. Kg4 Kg7 40. Kg5
h6+ 41. Rxh6 Ne4+ 42. Nxe4 Qc1+ 0-1

[Event "C.to Italiano Semifinale"]
[Site "Limone Piemonte ITA"]
[Date "2001.06.26"]
[Round "3"]
[White "Astengo, Marcello"]
[Black "Farina, Saverio"]
[Result "1-0"]
[WhiteElo "2024"]
[BlackElo "2148"]
[PlyCount "87"]
[EventDate "2001.06.24"]

1. d4 d5 2. Nf3 c5 3. c3 Nc6 4. Bf4 Nf6 5. e3 Qb6 6. Na3 c4 7. Qc1 Bf5 8. Nh4
Bg6 9. Be2 e6 10. O-O Be7 11. h3 Ne4 12. Nxg6 hxg6 13. f3 Nd6 14. e4 a6 15. Re1
Kd7 16. Nc2 Nb5 17. exd5 exd5 18. Ne3 Nbxd4 19. cxd4 Nxd4 20. Kh1 Qe6 21. Bf1
Bb4 22. Rd1 Bc5 23. Qc3 Nb5 24. Qxc4 Bxe3 25. Rxd5+ Ke7 26. Re5 Bxf4 27. Qxf4
Rh5 28. Rxe6+ fxe6 29. Re1 Rc8 30. Bc4 Rc6 31. b3 Rf5 32. Qg4 e5 33. Bd5 Rd6
34. Bxb7 Nd4 35. Bxa6 Nc2 36. Rc1 Ne3 37. Qb4 Nd5 38. Qa3 Rff6 39. Bd3 Nf4 40.
Bb1 Ne2 41. Rc6 Kd7 42. Rxd6+ Rxd6 43. Qa7+ Ke6 44. Bxg6 1-0

[Event "C.to Italiano Semifinale"]
[Site "Limone Piemonte ITA"]
[Date "2001.06.26"]
[Round "3"]
[White "Basciu, Simone"]
[Black "Ubezio, Marco"]
[Result "1/2-1/2"]
[WhiteElo "2157"]
[BlackElo "2193"]
[PlyCount "59"]
[EventDate "2001.06.24"]

1. d4 Nf6 2. Nf3 c5 3. d5 b5 4. Bg5 d6 5. Bxf6 exf6 6. e4 a6 7. a4 b4 8. Bd3
Be7 9. O-O O-O 10. Nbd2 Nd7 11. a5 Ne5 12. Nxe5 fxe5 13. Nc4 Ra7 14. Nb6 g6 15.
c3 bxc3 16. bxc3 f5 17. f3 f4 18. Qe2 g5 19. Rfb1 h5 20. Kh1 Bb7 21. Rb2 Rf6
22. Rab1 Qc7 23. Rb3 Bd8 24. Qa2 Qe7 25. Nc4 g4 26. Qa4 Rg6 27. R3b2 Bc8 28.
Nb6 Bb7 29. Nc4 Bc8 30. Nb6 1/2-1/2

[Event "C.to Italiano Semifinale"]
[Site "Limone Piemonte ITA"]
[Date "2001.06.26"]
[Round "3"]
[White "Brignone, Roberto"]
[Black "Vozza, Nicola"]
[Result "0-1"]
[WhiteElo "2171"]
[BlackElo "1666"]
[PlyCount "88"]
[EventDate "2001.06.24"]

1. e4 e5 2. Nf3 Nc6 3. Bc4 Nf6 4. d4 exd4 5. O-O Nxe4 6. Re1 d5 7. Bxd5 Qxd5 8.
Nc3 Qa5 9. Nxe4 Be6 10. Neg5 O-O-O 11. Nxe6 fxe6 12. Ng5 Rd7 13. Bd2 Bb4 14.
Ne4 Bxd2 15. Nxd2 Qf5 16. Ne4 Rhd8 17. Qe2 d3 18. cxd3 Rxd3 19. Ng3 Qd5 20.
Qxe6+ Qxe6 21. Rxe6 Rd2 22. Re2 Rxe2 23. Nxe2 Rd2 24. Nf4 Rxb2 25. Ne6 Rd2 26.
Nxg7 Nb4 27. f4 Kd7 28. Rb1 Nd3 29. g3 b6 30. Nf5 c5 31. Ne3 Ke6 32. f5+ Ke5
33. a4 Re2 34. Nc4+ Kxf5 35. Nd6+ Kg4 36. Nf7 c4 37. Rd1 h6 38. Nxh6+ Kh3 39.
Nf7 Rg2+ 40. Kf1 Rf2+ 41. Kg1 Rxf7 42. Rf1 Rxf1+ 43. Kxf1 c3 44. Ke2 c2 0-1

[Event "C.to Italiano Semifinale"]
[Site "Limone Piemonte ITA"]
[Date "2001.06.26"]
[Round "3"]
[White "Buchicchio, Giampaolo"]
[Black "Sbarra, Marco"]
[Result "1-0"]
[WhiteElo "2191"]
[BlackElo "2303"]
[PlyCount "73"]
[EventDate "2001.06.24"]

1. e4 c5 2. c3 b6 3. d4 Bb7 4. Bd3 Nf6 5. Qe2 cxd4 6. cxd4 Nc6 7. d5 Nd4 8. Qe3
e5 9. Ne2 Bc5 10. Nxd4 Bxd4 11. Qe2 O-O 12. Nc3 a6 13. O-O b5 14. Be3 Re8 15.
Qd2 Qb6 16. Rfe1 Rac8 17. a3 d6 18. Bxd4 Qxd4 19. Qe2 Re7 20. Rac1 Rec7 21. Rc2
Nd7 22. Rec1 f5 23. Rd1 Qb6 24. exf5 Nf6 25. Be4 Rc4 26. Rcd2 a5 27. Bd3 Rxc3
28. bxc3 Nxd5 29. f6 Nxc3 30. Bxh7+ Kxh7 31. Qh5+ Kg8 32. Rxd6 Qc7 33. Rd8+
Rxd8 34. Rxd8+ Qxd8 35. f7+ Kf8 36. Qh8+ Ke7 37. Qxd8+ 1-0

[Event "C.to Italiano Semifinale"]
[Site "Limone Piemonte ITA"]
[Date "2001.06.26"]
[Round "3"]
[White "Casarosa, Michele"]
[Black "Manzardo, Bruno"]
[Result "0-1"]
[WhiteElo "1732"]
[BlackElo "2005"]
[PlyCount "60"]
[EventDate "2001.06.24"]

1. e4 e5 2. Nf3 Nc6 3. Bb5 f5 4. d3 fxe4 5. dxe4 Nf6 6. O-O d6 7. Nc3 Be7 8.
Bc4 Bg4 9. Be3 Na5 10. Bb5+ Nc6 11. Bc4 Qd7 12. h3 Bh5 13. g4 Nxg4 14. Ng5 Bxg5
15. Bxg5 Nf6 16. Qd3 Rf8 17. f4 Bf7 18. f5 Bxc4 19. Qxc4 Qf7 20. Qe6+ Qxe6 21.
fxe6 Nd4 22. Bxf6 gxf6 23. Nd5 Nxe6 24. Nxf6+ Ke7 25. Nxh7 Rg8+ 26. Kh1 Rg6 27.
Rf5 Rh8 28. Rh5 Rg7 29. Nf6 Rxh5 30. Nxh5 Rg5 0-1

[Event "C.to Italiano Semifinale"]
[Site "Limone Piemonte ITA"]
[Date "2001.06.26"]
[Round "3"]
[White "Genocchio, Daniele"]
[Black "Capece, Adolivio"]
[Result "1-0"]
[WhiteElo "2278"]
[BlackElo "2075"]
[PlyCount "81"]
[EventDate "2001.06.24"]

1. d4 Nf6 2. Bg5 c6 3. Nf3 d6 4. e3 Bg4 5. Nbd2 Nbd7 6. Be2 h6 7. Bh4 g5 8. Bg3
Bg7 9. h4 Qa5 10. c3 O-O-O 11. b4 Qc7 12. c4 Bxf3 13. Bxf3 e5 14. c5 Ne8 15.
Bg4 f6 16. Nc4 d5 17. Nb2 Rf8 18. Bf5 Bh8 19. h5 Ng7 20. Qg4 Nxf5 21. Qxf5 Rde8
22. O-O Qd8 23. b5 Qe7 24. bxc6 bxc6 25. Rab1 Qe6 26. Qd3 Kd8 27. Qa6 f5 28.
dxe5 Bxe5 29. Bxe5 Nxe5 30. Nd3 Nxd3 31. Rb7 Rf7 32. Rfb1 Nxc5 33. Qa5+ Kc8 34.
Rb8+ Kd7 35. Qxc5 Rc8 36. R8b7+ Ke8 37. Qxa7 Rxb7 38. Rxb7 Qe5 39. Rh7 Qa1+ 40.
Kh2 Qe5+ 41. g3 1-0